00871nam a2200253Ia 450000500170000000800410001702000180005810000420007624500640011825000180018230000660020050000420026653400150030865000350032365000400035865000340039870000210043226400300045333600270048333700330051033800280054304000350057108400110060620220317001317.0161108s9999 ck a g 000 0 spa  a97895842429831 aTolkien, John Ronald Reveld1892-197313aEl hobbitcJ.R.R. Tolkien ; traducción de Manuel Figueroa a1a. edición a285 páginasbilustraciones y mapas en blanco y negroc24 cm aincluye datos biográficos del autor tThe Hobbit142LEMBaNovela InglesaySiglo XX142LEMBaLiteratura inglesa ySiglo XX142LEMBaViajes en la literatura1 aFigueroa, Manuel aBogotábMinotauroc2014 atextobtxt2rdacontent asin mediaciónbn2rdamedia avolumenbnc2rdacarrier aCO-BoRNBPbspaerdacCO-BoRNBP aN TOL3